| 000 | 00442nam a2200169Ia 4500 | ||
|---|---|---|---|
| 008 | 230125s9999 xx 000 0 und d | ||
| 041 | _aeng | ||
| 082 |
_a891.463 _bKAN |
||
| 100 |
_aKanitkar B M _9115082 |
||
| 245 | _aVidnyanatil gamati | ||
| 260 |
_c1994 _bKulkarni granthagar _aPune |
||
| 300 | _a96p | ||
| 500 | _aLiterature;Marathi Literature | ||
| 650 | _aMarathi Literature | ||
| 700 |
_aKanitkar B M _9115082 |
||
| 999 |
_c92851 _d92851 |
||